| 000 | 01681cam a2200445 i 4500 | ||
|---|---|---|---|
| 001 | 3671 | ||
| 003 | FISKH | ||
| 005 | 20240408084028.0 | ||
| 008 | 161205s2016 fr 000 0 fre d | ||
| 010 | _a 2016488813 | ||
| 020 | _a9782021317510 | ||
| 020 | _a202131751X | ||
| 035 | _a(OCoLC)ocn965422005 | ||
| 040 |
_aAUXAM _beng _erda _cAUXAM _dHLS _dOCLCO _dOCLCF _dSTF _dCUY _dEMU _dOCL _dOCLCA _dDLC |
||
| 042 | _alccopycat | ||
| 043 | _ae-fr--- | ||
| 050 | 0 | 0 |
_aJN3007.F58 _bM45 2017 |
| 082 | _a944.04 | ||
| 100 | 1 |
_aMélenchon, Jean-Luc _eauthor. |
|
| 245 | 1 | 2 |
_aL'avenir en commun : _ble programme de la France insoumise et son candidat Jean-Luc Mélenchon / _cJean-Luc Mélenchon ; [élaboré avec Charlotte Girard, juriste, et Jacques Généreux, économiste]. |
| 246 | 1 | 8 | _aLe programme |
| 264 | 1 |
_aParis : _bÉditions du Seuil, _c[2016] |
|
| 300 |
_a126 pages : _c21 cm |
||
| 336 |
_atext _btxt _2rdacontent |
||
| 337 |
_aunmediated _bn _2rdamedia |
||
| 338 |
_avolume _bnc _2rdacarrier |
||
| 500 | _aAt head of title: "Élections présidentielle et législatives 2017." | ||
| 520 | _aMélenchon's "project" for the 2017 presidential election. | ||
| 600 | 1 | 0 | _aMélenchon, Jean-Luc. |
| 610 | 2 | 0 |
_aFrance insoumise (Political party) _vPlatforms. |
| 610 | 2 | 4 |
_aFrance insoumise _vPlatforms. |
| 650 | 0 |
_aPresidents _zFrance _xElection _y2017. |
|
| 651 | 0 |
_aFrance _xPolitics and government _y2012-2017. |
|
| 700 | 1 |
_aGirard, Charlotte, _d1974- |
|
| 700 | 1 | _aGénéreux, Jacques. | |
| 906 |
_a7 _bcbc _ccopycat _d3 _encip _f20 _gy-gencatlg |
||
| 942 |
_2ddc _cBK _n0 |
||
| 999 |
_c3671 _d3671 |
||